Fundamentos de matemática financiera / Scott Besley y Eugene F. Brigham (Registro nro. 11500)

Detalles MARC
000 -LEADER
fixed length control field 00565nam a22002051a 4500
001 - CONTROL NUMBER
control field 11500
003 - CONTROL NUMBER IDENTIFIER
control field OSt
005 - DATE AND TIME OF LATEST TRANSACTION
control field 20260204212245.0
008 - FIXED-LENGTH DATA ELEMENTS--GENERAL INFORMATION
fixed length control field 121119s2009||||mx ||||||b||||||||||spa||
020 ## - NUMERO DE LIBRO INTERNACIONAL NORMALIZADO
International Standard Book Number 139789708300148
050 ## - LIBRARY OF CONGRESS CALL NUMBER
Classification number 658.15 B464f
100 ## - ASIENTO PRINCIPAL -- NOMBRE PERSONAL
Personal name Besley, Scott
245 ## - TÍTULO PROPIAMENTE DICHO: SUBTÍTULO
Title Fundamentos de matemática financiera / Scott Besley y Eugene F. Brigham
250 ## - MENCIÓN DE EDICIÓN
Edition statement 4
264 ## - PRODUCTION, PUBLICATION, DISTRIBUTION, MANUFACTURE, AND COPYRIGHT NOTICE
Place of production, publication, distribution, manufacture México: Cengage Leorning
300 ## - PHYSICAL DESCRIPTION
Extensión 819 p
500 ## - GENERAL NOTE
General note Incluye indice
650 ## - ASIENTO SECUNDARIO DE MATERIA -- TERMINO TEMÁTICO
Termino Temático Como Elemento de Entrada Gerencia Financiera 2.Administración Financiera Eugene F.Ì
942 ## - ADDED ENTRY ELEMENTS (KOHA)
Source of classification or shelving scheme Dewey Decimal Classification
Koha item type Libros
Existencias
Withdrawn status Lost status Source of classification or shelving scheme Damaged status Not for loan Current library Date acquired Total Checkouts Full call number Barcode Date last seen Price effective from Koha item type
    Dewey Decimal Classification     Biblioteca UTECO 09/09/2019   658.15 B464F 016522 09/09/2019 09/09/2019 Libros
    Dewey Decimal Classification     Biblioteca UTECO 09/09/2019   658.15 B464F 016523 09/09/2019 09/09/2019 Libros
    Dewey Decimal Classification     Biblioteca UTECO 09/09/2019   658.15 B464F 016524 09/09/2019 09/09/2019 Libros
© 2021 Derechos Reservados UTECO - Teléfono: +1 809-585-2291 - Correo electrónico: biblioteca@uteco.edu.do​  
Código postal 43000 ​​
Dirección: Avenida Universitaria No. 100, 
Cotuí, Provincia Sánchez Ramírez, República Dominicana - RNC: 404-00059-6